| 000 | 00838nam a2200265 a 4500 | ||
|---|---|---|---|
| 001 | BRL_1265 | ||
| 005 | 20190320211122.0 | ||
| 008 | 091213s1952----mx-a######---#000-0#spa-# | ||
| 041 | _aspa | ||
| 044 | _amx | ||
| 050 | 4 |
_aNK4032.O19 _b.C37 1952 |
|
| 100 | 1 |
_aCaso, Alfonso _d1896-1970 _918336 |
|
| 245 | 1 | 0 |
_aUrnas de Oaxaca _cpor Alfonso Caso e Igancio Bernal. |
| 260 |
_aMéxico _bInstituto Nacional de Antropología e Historia _c1952 |
||
| 300 |
_a389 p. _bil., láminas _c32 cm. |
||
| 440 | 0 |
_aMemorias del Instituto Nacional de Antropología e Historia _v2 _926320 |
|
| 500 | _aAu1449 | ||
| 504 | _aBibliografía: p. 383-386 | ||
| 650 | 1 | 4 |
_aUrnas _926321 |
| 650 | 1 | 4 |
_aCerámica _zOaxaca (México) _926322 |
| 650 | 1 | 4 |
_aAlfarería _zOaxaca (México) _926323 |
| 700 | 1 |
_aBernal, Ignacio _9778 |
|
| 902 | _aGRL | ||
| 942 |
_2lcc _cB |
||
| 999 |
_c10077 _d10077 |
||